000 00632nam a2200217 a 4500
001 66313
003 BD- RjUL
005 20211209081525.0
008 170315s1962 enk 001 0 eng d
035 _a(BD-RjUL)
040 _aEQO
_cEQO
_beng
_dBD-RjUL
041 _aeng
082 _223
_a629.434
_bSOT 1962
100 1 _aSolomon, Louis,
_9196271
245 1 0 _aTelstar :
_bcommunication break-through by satellite. /
_cLouis Solomon
260 _aLondon :
_bMcGraw-Hill,
_cc1962.
300 _a63 p. :
_bill. ;
_c25 cm.
500 _aIncludes index
650 _aProject Telstar
_vJuvenile literature.
_9196272
942 _2ddc
_cBK
999 _c66313
_d66313